Thirty years of World Bank shelter lending (Record no. 212329)
[ view plain ]
| 000 -LEADER | |
|---|---|
| fixed length control field | 01482nam a22003614a 4500 |
| 082 04 - DEWEY DECIMAL CLASSIFICATION NUMBER | |
| Classification number | 363.5/82 |
| 245 00 - TITLE STATEMENT | |
| Title | Thirty years of World Bank shelter lending |
| 260 ## - PUBLICATION, DISTRIBUTION, ETC. (IMPRINT) | |
| Place of publication | Washington, DC : |
| Name of publisher | World Bank, |
| Year of publication | c2006. |
| 300 ## - PHYSICAL DESCRIPTION | |
| Number of Pages | xvii, 117 p. : |
| Other physical details | ill. (some col.), col. maps. |
| 490 1# - SERIES STATEMENT | |
| Series statement | Directions in development |
| 650 #0 - SUBJECT ADDED ENTRY--TOPICAL TERM | |
| Topical Term | Housing |
| Topical Term | Economic assistance |
| 700 1# - ADDED ENTRY--PERSONAL NAME | |
| Personal name | Buckley, Robert M. |
| Personal name | Kalarickal, Jerry. |
| 856 40 - ELECTRONIC LOCATION AND ACCESS | |
| Uniform Resource Identifier | http://site.ebrary.com/lib/rucke/Doc?id=10124816 |
No items available.
